Statistics for Alliteration by Letter - G

Click here to take the quiz!

General Stats

  • This quiz has been taken 21,717 times
    (8,318 since last reset)
  • The average score is 13 of 19

Answer Stats

Clue Answer % Correct
Famous San Francisco bridgeGolden Gate
99%
Zeus or Poseidon, for exampleGreek God
93%
What a turkey saysGobble Gobble
84%
Hollywood film and TV awardGolden Globe
83%
Two words uttered by a gracious loserGood Game
78%
Something in the atmosphere that
contributes to global warming
Greenhouse Gas
75%
F. Scott Fitzgerald bookGreat Gatsby
74%
TV show about four older women
who live together
Golden Girls
72%
He discovered Jupiter's moonsGalileo Galilei
72%
Person who is very large but also kindGentle Giant
68%
Vehicle with poor fuel mileageGas Guzzler
67%
Spider-Man's enemy, aka
Norman Osborn
Green Goblin
66%
Large planet not made of solid matterGas Giant
64%
"Miss Molly!"Good Golly
64%
"Great balls of fire!"Goodness Gracious
55%
"Wonder Woman" actressGal Gadot
54%
Charlie Brown's catchphraseGood Grief
54%
This will end a soccer game instantlyGolden Goal
39%
Fictional tycoon who said "greed is good"Gordon Gekko
32%

Score Distribution

Percentile by Number Answered

Percent of People with Each Score

Your Score History

You have not taken this quiz since the last reset